Shaggy Dog : (Record no. 15626)
[ view plain ]
| 000 -LEADER | |
|---|---|
| fixed length control field | 01825nam a22003017a 4500 |
| 003 - CONTROL NUMBER IDENTIFIER | |
| control field | dpl |
| 005 - DATE AND TIME OF LATEST TRANSACTION | |
| control field | 20080911114410.0 |
| 008 - FIXED-LENGTH DATA ELEMENTS--GENERAL INFORMATION | |
| fixed length control field | 080911t xxu||||| |||| 00| 0 eng d |
| 010 ## - LIBRARY OF CONGRESS CONTROL NUMBER | |
| LC control number | DVD-000472-474 |
| 024 ## - OTHER STANDARD IDENTIFIER | |
| Source of number or code | A3280 |
| Terms of availability | 499.00 |
| 035 ## - SYSTEM CONTROL NUMBER | |
| System control number | DVD-000472-474 |
| 040 ## - CATALOGING SOURCE | |
| Original cataloging agency | DPL |
| Transcribing agency | DPL |
| 082 ## - DEWEY DECIMAL CLASSIFICATION NUMBER | |
| Classification number | DVD / SHAG |
| 245 ## - TITLE STATEMENT | |
| Title | Shaggy Dog : |
| Statement of responsibility, etc | Walt Disney Pictures Presents |
| Medium | [videorecording] (DVD)/ |
| Remainder of title | Tim Allen is Man's Best Friend |
| 260 ## - PUBLICATION, DISTRIBUTION, ETC. (IMPRINT) | |
| Place of publication, distribution, etc | Burbank, CA |
| Name of publisher, distributor, etc | Walt Disney Home Entertainment |
| 300 ## - PHYSICAL DESCRIPTION | |
| Extent | 1 videodiscs (98 min.): |
| Other physical details | sd., col.; |
| Dimensions | 4 3/4 in. |
| Type of unit | DVD |
| 440 ## - SERIES STATEMENT/ADDED ENTRY--TITLE | |
| Title | Walt Disney Home Entertainment |
| 500 ## - GENERAL NOTE | |
| General note | Sole Distributor in India M/s Excel Productions Audio Visuals Pvt. Ltd. |
| 500 ## - GENERAL NOTE | |
| General note | Bonus Features: Deleted Scenes, Woof There It is Music Video, Bark Along Music Video, Bloopers |
| 538 ## - SYSTEM DETAILS NOTE | |
| System details note | Dolby Digital 5.1-English,Spanish, Portguese, Thai, Subtitles-English, Thai, Indonesion, Chienese, Malay, Korean, Spanish, Pourtguese |
| 538 ## - SYSTEM DETAILS NOTE | |
| System details note | Aspect Ratio:1.85.1, Presentation Type: Wide Screne, Presentation Size 16x9, Formaton: DVD 9- Dual Layer Single sided Disc, |
| 650 ## - SUBJECT ADDED ENTRY--TOPICAL TERM | |
| Source of heading or term | Motion Picture |
| 942 ## - ADDED ENTRY ELEMENTS (KOHA) | |
| Source of classification or shelving scheme | Dewey Decimal Classification |
| Koha item type | CD-ROMs, DVDs, VHS |
| Classification part | DVD |
| Call number suffix | SHAG |
| Withdrawn status | Lost status | Source of classification or shelving scheme | Damaged status | Not for loan | Home library | Current library | Date acquired | Source of acquisition | Cost, normal purchase price | Total Checkouts | Full call number | Barcode | Date last seen | Date checked out | Copy number | Cost, replacement price | Price effective from | Koha item type | Total Renewals |
|---|---|---|---|---|---|---|---|---|---|---|---|---|---|---|---|---|---|---|---|
| Dewey Decimal Classification | Central Library | Central Library | 23/09/2008 | Purchase | 499.00 | 15 | DVD SHAG | DVD-000472 | 11/11/2011 | 03/09/2011 | 1 | 499.00 | 23/09/2008 | CD-ROMs, DVDs, VHS | |||||
| Dewey Decimal Classification | Patel Nagar | Patel Nagar | 23/09/2008 | Purchase | 499.00 | 17 | DVD SHAG | DVD-000474 | 15/06/2016 | 11/07/2011 | 1 | 499.00 | 23/09/2008 | CD-ROMs, DVDs, VHS | |||||
| Dewey Decimal Classification | Sarojini Nagar | Sarojini Nagar | 23/09/2008 | Purchase | 499.00 | 9 | DVD SHAG | DVD-000473 | 23/08/2012 | 01/10/2010 | 1 | 499.00 | 23/09/2008 | CD-ROMs, DVDs, VHS | 1 |
